Ligue 1 - Meilleurs joueurs de chaque mois saison 2020/2021 - Statistiques

Statistiques générales
  • Ce quiz a été pris 266 fois
  • Le résultat moyen est 8 sur 11
Statistiques - réponses
Poste Equipe Réponse % Correct
Défenseur central PSG Marquinhos
95%
Gardien LOSC Maignan
93%
Défenseur droit LENS Clauss
87%
Défenseur central LOSC Fonte
82%
Milieu droit PSG Mbappé
79%
Milieu défensif AS MONACO Tchouaméni
77%
Milieu offensif OL Paqueta
72%
Milieu défensif LOSC André
70%
Attaquant LOSC Yilmaz
69%
Milieu gauche OL Depay
45%
Défenseur gauche LOSC Mandava
9%
Aucun quiz correspondant
Distribution des résultats
% des personnes avec chaque résultat
Percentile par nombre de réponses
Votre historique - résultats
Vous n’avez pas pris ce quiz